banner koha

Levantamento da area canavieira do Estado de Sao Paulo, utilizando dados do Landsat ano safra 1979/80 [Saccharum spp; Brasil] (Registro n. 31501)

MARC details
000 -LÍDER
campo de controle de tamanho fixo 01362nam a22003977a 4500
001 - NÚMERO DE CONTROLE
campo de controle BR8103017
003 - IDENTIFICADOR DO NÚMERO DE CONTROLE
campo de controle BR-BrBNA
005 - DATA E HORÁRIO DA ÚLTIMA TRANSAÇÃO
campo de controle 20230928090951.0
007 - CAMPO FIXO DE DESCRIÇÃO FÍSICA--INFORMAÇÃO GERAL
campo de controle de tamanho fixo ta
008 - CAMPO DE DADOS FIXOS--INFORMAÇÃO GERAL
campo de controle de tamanho fixo 230509b bl.||||| |||| 00| 0 por d
040 ## - FONTE DA CATALOGAÇÃO
Instituição da catalogação original BR-BrBNA
Idioma da catalogação por
Instituição que transcreveu o registro Biblioteca Nacional de Agricultura
041 ## - CÓDIGO DE IDIOMA
Código do idioma do texto/trilha sonora ou título diferente (Por)
072 ## - CÓDIGO DE CATEGORIA DE ASSUNTO
Código de Categoria de Assunto F00
Código do objeto 0230
-- /G514
090 ## - NÚMERO DE CHAMADA LOCAL
-- 0230 BR8103017
100 1# - ENTRADA PRINCIPAL--NOME PESSOAL
Nome pessoal Mendonca, F.J.
100 1# - ENTRADA PRINCIPAL--NOME PESSOAL
Nome pessoal Lee, D.C.L.
100 1# - ENTRADA PRINCIPAL--NOME PESSOAL
Nome pessoal Tardin, A.T.
100 1# - ENTRADA PRINCIPAL--NOME PESSOAL
Nome pessoal Shimabukuro, Y.E.
100 1# - ENTRADA PRINCIPAL--NOME PESSOAL
Nome pessoal Chen, S.C.
100 1# - ENTRADA PRINCIPAL--NOME PESSOAL
Nome pessoal Lucht, L.A.M.
100 1# - ENTRADA PRINCIPAL--NOME PESSOAL
Nome pessoal Moreira, M.A.
100 1# - ENTRADA PRINCIPAL--NOME PESSOAL
Nome pessoal Lima, A.M. DE
100 1# - ENTRADA PRINCIPAL--NOME PESSOAL
Nome pessoal Maia, F.C.S.
110 1# - ENTRADA PRINCIPAL--NOME CORPORATIVO
Nome corporativo ou nome da jurisdição Instituto de Pesquisas Espaciais, Sao Jose dos Campos, SP (Brasil)
245 1# - TÍTULO
Título Levantamento da area canavieira do Estado de Sao Paulo, utilizando dados do Landsat ano safra 1979/80 [Saccharum spp; Brasil]
Restante do título INPE-2021-RPE/288
246 1# - FORMA VARIANTE DO TÍTULO
Título/título abreviado [Survey of the sugarcane area of the State of Sao Paulo, using Landsat data cropping year 1979/80 [Saccharum spp; Brazil]]
Restante do título [INPE-2021-RPE/288]
260 3# - PUBLICAÇÃO, DISTRIBUIÇÃO, ETC.
Local de publicação, distribuição, etc. Sao Jose dos Campos, SP (Brasil):
Data da publicação, distribuição, etc. 1981.
300 ## - DESCRIÇÃO FÍSICA
Extensão v. 1-2
500 ## - NOTA GERAL
Nota geral 8 illus.; Summaries (Eng, Por); 16 Maps (scale 1:250,000)
650 ## - ASSUNTO--TERMO TÓPICO
Cabeçalho tópico ou nome geográfico Producao vegetal
650 ## - ASSUNTO--TERMO TÓPICO
Cabeçalho tópico ou nome geográfico Cana de acucar
650 ## - ASSUNTO--TERMO TÓPICO
Cabeçalho tópico ou nome geográfico Sensoriamento remoto
650 ## - ASSUNTO--TERMO TÓPICO
Cabeçalho tópico ou nome geográfico Sao Paulo
909 ## -
-- 202309
-- Lucia
-- 55
-- Lucia Elande
942 ## - ELEMENTOS DE ENTRADA ADICIONADOS (KOHA)
Tipo de material Koha Livros
Exemplares
Situação do descarte Fonte da classificação ou esquema de arquivamento na estante Situação física Não pode ser emprestado Coleção Biblioteca de origem Biblioteca atual Total de empréstimos Número de telefone completo Código de barras Data de último acesso Número do exemplar Tipo de material Koha Situação das perdas Data de aquisição Fonte de aquisição
  Classificação AGRIS       Biblioteca Nacional de Agricultura - Binagri Biblioteca Nacional de Agricultura - Binagri   0230 BR8103017 0230 BR8103017 25/09/2023 01 Livros   2023-09-25 Portaria Interministerial nº 164/94

BINAGRI

Telefone: (61)3218-2567/2388/3357/2097 - binagri@agro.gov.br

Ministério da Agricultura e Pecuária , Esplanada dos Ministérios, Bloco D, Anexo B, Brasília/DF, CEP: 70.043-900